Indian Social Society / (Record no. 37794)
[ view plain ]
| 000 -LEADER | |
|---|---|
| fixed length control field | 00755nam a22002057a 4500 |
| 005 - DATE AND TIME OF LATEST TRANSACTION | |
| control field | 20100726160329.0 |
| 010 ## - LCCN (DPL NO) | |
| LC control number | ENG-96969 |
| 020 ## - INTERNATIONAL STANDARD BOOK NUMBER | |
| International Standard Book Number | 9788191025309 |
| Terms of availability | 650.00 |
| 020 ## - INTERNATIONAL STANDARD BOOK NUMBER | |
| International Standard Book Number | 9788191025309 |
| Terms of availability | 650.00 |
| 035 ## - SYSTEM CONTROL NUMBER | |
| System control number | EN-80502 |
| 037 ## - SOURCE OF ACQUISITION | |
| Source of stock number/acquisition | DBAD/PUB |
| 082 ## - DEWEY DECIMAL CLASSIFICATION NUMBER | |
| Classification number | 303.40954 |
| 245 ## - TITLE STATEMENT | |
| Title | Indian Social Society / |
| Statement of responsibility, etc | Edited and Compiled by Ranjan Sethi |
| 260 ## - PUBLICATION, DISTRIBUTION, ETC. (IMPRINT) | |
| Place of publication, distribution, etc | New Delhi |
| Name of publisher, distributor, etc | Educational publishers |
| Date of publication, distribution, etc | 2010 |
| 270 ## - ADDRESS | |
| Address | 291,Bank Enclave, Laxmi Nagar |
| City | New Delhi |
| Postal code | 110092 |
| 300 2# - PHYSICAL DESCRIPTION | |
| Extent | vii,286p. |
| Dimensions | 22cm (Hb) |
| 500 ## - GENERAL NOTE | |
| General note | includes bibliographical refrences |
| 942 ## - ADDED ENTRY ELEMENTS (KOHA) | |
| Source of classification or shelving scheme | Dewey Decimal Classification |
| Item type | English Books |
| Classification part | 303.40954 |
| Call number suffix | IND |
| Withdrawn status | Lost status | Not for loan | Collection code | Home library | Current library | Date acquired | Source of acquisition | Cost, normal purchase price | Full call number | Barcode | Copy number | Cost, replacement price | Koha item type |
|---|---|---|---|---|---|---|---|---|---|---|---|---|---|
| Not For Loan | Non-fiction | Narela | D.B.Act.Division | 26/07/2010 | DBAD/PUB | 650.00 | 303.40954 SET | EN-80502 | 1 | 650.00 | English Books |
